Normale Ansicht MARC-Ansicht ISBD

Heinrich Zschokke's ausgewählte Historische Schriften (Titelsatznr. 70886)

[ MARC ]
MARC-Details
000 -Satzkennung
Kontrollfeld mit fester Länge 00507nam a2200205 4500
001 - Kontrollnummer
Kontrollfeld 10006
003 - Kontrollnummer Identifier
Kontrollfeld OSt
005 - Datum und Zeit der letzten Transaktion
Kontrollfeld 20210701134119.0
007 - Feld mit fester Länge zur physischen Beschreibung - Allgemeine Information
Kontrollfeld mit fester Länge tu
008 - Feld mit fester Länge zur physischen Beschreibung - Allgemeine Angaben
Kontrollfeld mit fester Länge s1830||||||| ger
040 ## - Katalogisierungsquelle
Übertragungsstelle STAFF
100 1# - Haupteintragung - Personenname
Personenname Zschokke, Heinrich
245 00 - Titel
Titel Heinrich Zschokke's ausgewählte Historische Schriften
Verfasserangabe etc. Heinrich Zschokke
250 ## - Ausgabebezeichnung
Ausgabebezeichnung 2. verb. Aufl.
264 ## - Produktion, Veröffentlichung, Distribution, Herstellung und Urheberrechtsvermerk
Herstellungs-, Veröffentlichungs- Vertriebs-, Erzeugungsort Aarau
Produzent, Herausgeber, Distributor, Hersteller Sauerländer
Datum der Herstellung, der Veröffentlichung, des Vertriebs oder des Urheberschutzvermerks 1830
365 ## - Handelspreis
Währungscode DEM
500 ## - Allgemeine Fußnote
Allgemeine Fußnote Bd. 1-4, 6, 7, 11-16.
546 ## - Fußnote zur Sprache
Sprache deutsch
942 ## - Zusätzliche Felder (Koha)
Klassifikation oder Aufstellungssystematik Andere/Generische Klassifikation
Koha-Medientyp Bücher
Exemplare
Ausgeschieden Verloren Klassifikation oder Aufstellungssystematik Beschädigt Nicht entleihbar Heimatbibliothek Aufenthaltsbibliothek Erwerbungsdatum Kodierter Standort-Qualifier Anzahl Ausleihen Signatur Letzte Aktivität Preis gültig von Koha-Medientyp
    Andere/Generische Klassifikation     Stadtarchiv Frankfurt (Oder) | Archivbibliothek Stadtarchiv Frankfurt (Oder) | Archivbibliothek 25/11/2020 M   I: 2523 [1-4, 6, 7, 11-16] 25/11/2020 25/11/2020 Bücher